Puerto de bahia blanca; conte resalta los rumbos promisorios [folleto] /
Guardado en:
| Formato: | Libro |
|---|---|
| Publicado: |
La Plata :
Latina Comunicaciones, 0
|
| Materias: | |
| Etiquetas: |
Agregar Etiqueta
Sin Etiquetas, Sea el primero en etiquetar este registro!
|
| LEADER | 00476nam a22001575a 4500 | ||
|---|---|---|---|
| 001 | CEM.cems009401 | ||
| 005 | 20060214000000.0 | ||
| 008 | 130507b######################000#0#####d | ||
| 003 | CEMS | ||
| 082 | 0 | 4 | |a F982.1 |
| 245 | 0 | 0 | |a Puerto de bahia blanca; conte resalta los rumbos promisorios [folleto] / |
| 260 | |a La Plata : |b Latina Comunicaciones, 0 | ||
| 300 | |a 5-20 p.p. | ||
| 653 | |a Bahia blanca-puertos | ||
| 653 | |a Fc | ||
| 859 | |a CEMS |b BIB. CEMS - 11 de abril |h F982.1 |i 4-8 |p 1500.44 |t Ej.1 | ||
